Fr. Conceicao Rodrigues College of Engineering

Fundamentals of the new artificial intelligence:Neural (Record no. 31977)

MARC details
000 -LEADER
fixed length control field 00404nam a2200169Ia 4500
082 ## - DEWEY DECIMAL CLASSIFICATION NUMBER
Item number MUN
100 ## - MAIN ENTRY--PERSONAL NAME
Personal name Munakata/Toshinori
250 ## - EDITION STATEMENT
Edition statement 2
245 ## - TITLE STATEMENT
Title Fundamentals of the new artificial intelligence:Neural
260 ## - PUBLICATION, DISTRIBUTION, ETC.
Name of publisher, distributor, etc. Springer
Date of publication, distribution, etc. 2008
366 ## - TRADE AVAILABILITY INFORMATION
Publishers's discount category 27
300 ## - PHYSICAL DESCRIPTION
Extent 255
546 ## - LANGUAGE NOTE
Language note ENGLISH
-- Computers
650 ## - SUBJECT ADDED ENTRY--TOPICAL TERM
Topical term or geographic name entry element Artificial Intelligence
654 ## - SUBJECT ADDED ENTRY--FACETED TOPICAL TERMS
Focus term artificial intelligence
942 ## - ADDED ENTRY ELEMENTS (KOHA)
Koha item type BOOK
Holdings
Withdrawn status Lost status Damaged status Not for loan Collection Home library Current library Date acquired Source of acquisition Cost, normal purchase price Inventory number Total Checkouts Full call number Barcode Date last seen Cost, replacement price Price effective from Koha item type
        CRC Fr. Agnel's C.Rodrigues College of Engineering Fr. Agnel's C.Rodrigues College of Engineering 17/03/2023 Allied Publisher 507.35 1259 dt 30.12.2015   MUN 23906 17/03/2023 695.00   BOOK